L'origine des nains de la vallée de Ribas (Catalogne) (Record no. 52971)

MARC details
000 -LEADER
campo de control de longitud fija 00745nam a22001695i 4500
001 - NÚMERO DE CONTROL
campo de control 52971
003 - IDENTIFICADOR DE NÚMERO DE CONTROL
campo de control ES-MaACL
007 - CAMPO FIJO DE DESCRIPCIÓN FÍSICA--INFORMACIÓN GENERAL
campo de control de longitud fija t|
008 - DATOS DE LONGITUD FIJA--INFORMACIÓN GENERAL
campo de control de longitud fija 950906s1895 be ||||1| fre d
040 ## - FUENTE DE CATALOGACIÓN
Centro catalogador/agencia de origen CAM
Lengua de catalogación spa
Centro/agencia transcriptor CAM
100 1# - ENTRADA PRINCIPAL--NOMBRE DE PERSONA
Nombre de persona Donadiu y Puignau, Delfín.
9 (RLIN) 45273
245 12 - MENCIÓN DEL TÍTULO
Título L'origine des nains de la vallée de Ribas (Catalogne)
Resto del título : compte rendu du troisiéme Congrès Scientifique International des Catholiques tenu a Bruxelles du 5 au 8 septembre 1894 /
Mención de responsabilidad, etc. par Delphin Donadiu y Puignau.
260 ## - PUBLICACIÓN, DISTRIBUCIÓN, ETC.
Lugar de publicación, distribución, etc. Bruxelles :
Nombre del editor, distribuidor, etc. [s.n.],
Fecha de publicación, distribución, etc. 1895 (
Fabricante Polleunis et Ceuterick imprimeurs)
300 ## - DESCRIPCIÓN FÍSICA
Extensión 10 p., [1] h. de lám. ;
Dimensiones 25 cm.
711 2# - ENTRADA AGREGADA--NOMBRE DE REUNIÓN
Nombre de congreso/reunión o jurisdicción como elemento de entrada Congrès Scientifique International des Catholiques (
Número del congreso/reunión o número de parte o sección 3e.
Fecha del congreso o de la firma del tratado 1894.
Sede del congreso/Lugar de la reunión Bruxelles)
9 (RLIN) 278
852 ## - LOCALIZACIÓN
Ubicación ES-MaACL
Número de control de estantería T-832-F-4
Holdings
Estatus retirado Estado de pérdida Estado de daño No para préstamo Colección Biblioteca de origen Biblioteca actual Ubicación en estantería Fecha de adquisición Fuente de adquisición Total de préstamos Signatura topográfica completa Código de barras Visto por última vez Precio de reemplazo Tipo de ítem Koha
        Colección de folletos Biblioteca del Ateneo de Madrid Biblioteca del Ateneo de Madrid Depósito folletos 17/01/2008     T-832-F-4 1055665 23/02/2023 23/02/2023 Folleto